| 000 | 00394 a2200145 4500 | ||
|---|---|---|---|
| 005 | 20250419072111.0 | ||
| 020 | _a0-02-303510-2 | ||
| 082 | _a808.066 AND | ||
| 100 | _aANDREWS, D. C. | ||
| 245 | _aBusiness Communication | ||
| 260 |
_aNew York, _bMacmillan, _c1988. |
||
| 300 |
_axxvi, 623p., ill., figure, table, picture, _bIndex, _c24cm. |
||
| 700 | _aANDREWS, W. D. | ||
| 942 |
_2ddc _cBKS |
||
| 999 |
_c1580 _d1580 |
||